Statistics for External Carotid Artery

Click here to take the quiz!

General Stats

  • This quiz has been taken 11 times
  • The average score is 7 of 8

Answer Stats

HintAnswer% Correct
FFreakingFacial
100%
OOutOccipital
100%
LLike Lingual
89%
MMedical Maxillary
89%
SSomeSuperior thyroid
89%
PPoorPosterior auricular
78%
SStudentsSuperficial temporal
78%
AAnatomistsAscending pharyngeal
67%

Score Distribution

Percentile by Number Answered

Percent of People with Each Score

Your Score History

You have not taken this quiz